000 00664nam a2200181Ia 4500
008 151202s9999||||xx |||||||||||||| ||und||
082 _bPNVM-36114
100 _aआपटे वा. शि.
245 _aट्वेल्थ नाइट:बारावी रात्र.
260 _bसरीता प्रकाशन पुणे.
260 _c1986
300 _a76
600 _aआपटे वा. शि.
630 _aट्वेल्थ नाइट:बारावी रात्र.
700 _aआपटे वा. शि.
730 _aट्वेल्थ नाइट:बारावी रात्र.
942 _cBOOK
999 _c1302066
_d1302063